| 000 -CABECERA |
| campo de control de longitud fija |
01091nam a2200289 u 4500 |
| 001 - NÚMERO DE CONTROL |
| campo de control |
000053326 |
| 005 - FECHA Y HORA DE LA ÚLTIMA TRANSACCIÓN |
| campo de control |
20200120222754.0 |
| 008 - DATOS DE LONGITUD FIJA--INFORMACIÓN GENERAL |
| campo de control de longitud fija |
130404s2011 sp er 000 f spa d |
| 020 ## - NÚMERO INTERNACIONAL ESTÁNDAR DEL LIBRO |
| Número Internacional Estándar del Libro |
9788437628851 |
| 041 1# - CÓDIGO DE LENGUA |
| Código de lengua del texto/banda sonora o título independiente |
spa |
| Código de lengua original |
eng |
| 090 ## - LOCALMENTE ASIGNADO TIPO-LC NÚMERO DE CLASIFICACIÓN (OCLC); NÚMERO DE CLASIFICACIÓN LOCAL (RLIN) |
| Número de clasificación (OCLC) (R) ; Numero de clasificación, CALL (RLIN) (NR) |
JN |
| Número cutter local (OCLC) ; Número de libro/Signatura topográfica íntegra, CALL (RLIN) |
BARJ |
| 100 1# - ENTRADA PRINCIPAL--NOMBRE DE PERSONA |
| Nombre de persona |
Barrie, J.M. |
| 245 10 - MENCIÓN DE TÍTULO |
| Título |
Peter Pan / |
| Mención de responsabilidad, etc. |
J. M. Barrie; edición de Ana Belén Ramos; traducción de Ana Belén Ramos y Javier Fernández. |
| 250 ## - MENCIÓN DE EDICIÓN |
| Mención de edición |
1a. ed. |
| 260 ## - PUBLICACIÓN, DISTRIBUCIÓN, ETC. |
| Lugar de publicación, distribución, etc. |
Madrid : |
| Nombre del editor, distribuidor, etc. |
Cátedra, |
| Fecha de publicación, distribución, etc. |
2011. |
| 300 ## - DESCRIPCIÓN FÍSICA |
| Extensión |
470 p. |
| 490 0# - MENCIÓN DE SERIE |
| Mención de serie |
Letras universales |
| Designación de volumen o secuencia |
442 |
| 500 ## - NOTA GENERAL |
| Nota general |
Título original : Peter and Wendy |
| 500 ## - NOTA GENERAL |
| Nota general |
Esta edición contiene la representación de la obra teatral (pág. 273) |
| 500 ## - NOTA GENERAL |
| Nota general |
Ej.1 de la Biblioteca San Juan Bosco Mosquera con ISBN : 9789588654874 ; Ej.1 del Biblioparque Funza con ISBN : 9789588654874 ; Ej.1 Biblioteca Madrid con ISBN : 9789588654874. |
| 650 14 - PUNTO DE ACCESO ADICIONAL DE MATERIA--TÉRMINO DE MATERIA |
| Término de materia o nombre geográfico como elemento de entrada |
Novela juvenil escocesa |
| 650 24 - PUNTO DE ACCESO ADICIONAL DE MATERIA--TÉRMINO DE MATERIA |
| Término de materia o nombre geográfico como elemento de entrada |
Literatura juvenil escocesa |
| 650 24 - PUNTO DE ACCESO ADICIONAL DE MATERIA--TÉRMINO DE MATERIA |
| Término de materia o nombre geográfico como elemento de entrada |
Teatro juvenil |
| 650 24 - PUNTO DE ACCESO ADICIONAL DE MATERIA--TÉRMINO DE MATERIA |
| Término de materia o nombre geográfico como elemento de entrada |
Niños en la literatura |
| 700 1# - PUNTO DE ACCESO ADICIONAL--NOMBRE DE PERSONA |
| Nombre de persona |
Belén Ramos, Ana, |
| Término indicativo de función/relación |
tr. |
| 700 1# - PUNTO DE ACCESO ADICIONAL--NOMBRE DE PERSONA |
| Nombre de persona |
Fernández, Javier, |
| Término indicativo de función/relación |
tr. |